| 000 | 00513cam a22002054a 4500 | ||
|---|---|---|---|
| 005 | 20250605164316.0 | ||
| 008 | 250528s ||||||||||||||||||||||||d | ||
| 035 | _a22707 | ||
| 020 | _a9781852785345 | ||
| 040 |
_aGR-AtMCL _bgre _dGR-AtMCL _eAACR2 |
||
| 245 | 1 | _aEUROPE AND THE MULTINATIONALS / ISSUES AND RESPONSES FOR THE 1990s | |
| 250 | _a1 | ||
| 260 | _c1992 | ||
| 300 | _a320 | ||
| 700 | 1 |
_aEdward Elgar _932 |
|
| 700 | 1 |
_aStephen Young _98429 |
|
| 942 | _cBK | ||
| 999 |
_c7753 _d7753 |
||